| 000 | 00908nam a2200253 i 4500 | ||
|---|---|---|---|
| 001 | 66212 | ||
| 003 | ES-MaACL | ||
| 005 | 20250907063046.0 | ||
| 007 | t| | ||
| 008 | 040129s1929 sp a |||| | spa d | ||
| 100 | 1 |
_aGalán y Ruiz, Gabriel, _d1869-1938 _9170555 |
|
| 245 | 1 | 0 |
_aLecciones de astronomía general y geodesia / _cpor Gabriel Galán. |
| 260 |
_aZaragoza : _b[s.n.], _c1929 ( _fLa Académica) |
||
| 300 |
_a266 p. : _bil. ; _c25 cm. |
||
| 530 | _aDisponible en formato digital. | ||
| 594 | _aPrecede al tít.: Universidad de Zaragoza. | ||
| 650 | 7 |
_aAstronomía _2embne _910386 |
|
| 650 | 7 |
_aGeodesia _2embne _913068 |
|
| 710 | 2 |
_aUniversidad de Zaragoza _97352 |
|
| 852 |
_aES-MaACL _jA-704 _cSPREF _zRevisado enlace: 21 de julio de 2025 |
||
| 856 | 4 |
_uhttp://bdh-rd.bne.es/viewer.vm?id=0000251105&page=1 _yBiblioteca Digital Hispánica |
|
| 942 | _2udc | ||
| 999 |
_c66212 _d66212 |
||